000 01199nam a2200325Ia 4500
001 ebr10351949
003 CaPaEBR
006 m u
007 cr cn|||||||||
008 100112s2009 inua sf 001 0 eng d
020 _z9780470560631
020 _z9780470593899
040 _aCaPaEBR
_cCaPaEBR
035 _a(OCoLC)646166196
050 1 4 _aQA76.8.M3
_bM57 2009eb
100 1 _aMiser, Brad.
245 1 0 _aMacBook Pro portable genius
_h[electronic resource] /
_cby Brad Miser.
250 _a2nd ed.
260 _aIndianapolis, IN :
_bWiley Pub., Inc.,
_cc2009.
300 _axvi, 415 p. :
_bill.
490 1 _aPortable genius
500 _aIncludes index.
533 _aElectronic reproduction.
_bPalo Alto, Calif. :
_cebrary,
_d2011.
_nAvailable via World Wide Web.
_nAccess may be limited to ebrary affiliated libraries.
650 0 _aMacBook (Computer)
_vHandbooks, manuals, etc.
650 0 _aLaptop computers
_vHandbooks, manuals, etc.
655 7 _aElectronic books.
_2local
710 2 _aebrary, Inc.
830 0 _aPortable genius.
856 4 0 _uhttp://site.ebrary.com/lib/rucke/Doc?id=10351949
_zAn electronic book accessible through the World Wide Web; click to view
999 _c45219
_d45219